قانون الانتخاب : (Record no. 72299)
[ view plain ]
| 000 -LEADER | |
|---|---|
| fixed length control field | 01368nam a2200325 i 4500 |
| 003 - CONTROL NUMBER IDENTIFIER | |
| control field | EG-GICUC |
| 005 - DATE AND TIME OF LATEST TRANSACTION | |
| control field | 20260420155206.0 |
| 008 - FIXED-LENGTH DATA ELEMENTS--GENERAL INFORMATION | |
| fixed length control field | 260420s1935 ua ||||frg||| 000 0 ara d |
| 040 ## - CATALOGING SOURCE | |
| Original cataloging agency | EG-GICUC |
| Language of cataloging | ara |
| Transcribing agency | EG-GICUC |
| Modifying agency | EG-GICUC |
| Description conventions | rda |
| 041 0# - LANGUAGE CODE | |
| Language code of text/sound track or separate title | ara |
| 082 04 - DEWEY DECIMAL CLASSIFICATION NUMBER | |
| Edition number | 21 |
| Classification number | 342.5222 |
| Item number | م ص . م |
| 092 04 - LOCALLY ASSIGNED DEWEY CALL NUMBER (OCLC) | |
| Edition number | 21 |
| 099 ## - LOCAL FREE-TEXT CALL NUMBER (OCLC) | |
| Classification number | Law1 08 342.5222 م ص . م 1935 |
| 111 2# - MAIN ENTRY--MEETING NAME | |
| Meeting name or jurisdiction name as entry element | الحكومة المصرية. |
| Relator term | مؤلف. |
| 245 10 - TITLE STATEMENT | |
| Title | قانون الانتخاب : |
| Remainder of title | مرسوم بقانون رقم 148 لسنة 1935 / |
| Statement of responsibility, etc. | الحكومة المصرية. |
| 246 21 - VARYING FORM OF TITLE | |
| Title proper/short title | Loi Electorale |
| 264 #0 - PRODUCTION, PUBLICATION, DISTRIBUTION, MANUFACTURE, AND COPYRIGHT NOTICE | |
| Place of production, publication, distribution, manufacture | مصر : |
| Name of producer, publisher, distributor, manufacturer | الحكومة المصرية، |
| Date of production, publication, distribution, manufacture, or copyright notice | 1935. |
| 264 #3 - PRODUCTION, PUBLICATION, DISTRIBUTION, MANUFACTURE, AND COPYRIGHT NOTICE | |
| Place of production, publication, distribution, manufacture | القاهرة : |
| Name of producer, publisher, distributor, manufacturer | المطبعة الأميرية ببولاق، |
| Date of production, publication, distribution, manufacture, or copyright notice | 1935. |
| 300 ## - PHYSICAL DESCRIPTION | |
| Extent | 49 صفحة، صفحات غير مرقمة ؛ |
| Dimensions | 24 سم |
| 336 ## - CONTENT TYPE | |
| Source | rda content |
| Content type term | text |
| 337 ## - MEDIA TYPE | |
| Source | rda media |
| Media type term | Computer |
| 338 ## - CARRIER TYPE | |
| Source | rda carrier |
| Carrier type term | Online Resource |
| 500 ## - GENERAL NOTE | |
| General note | نشر بعدد الوقائع المصريه رقم 116 غير اعتيادي الصادر في 20 ديسمبر سنة 1935. |
| 546 ## - LANGUAGE NOTE | |
| Language note | النص موازٍ باللغتين العربية والفرنسية |
| 650 1# - SUBJECT ADDED ENTRY--TOPICAL TERM | |
| Topical term or geographic name entry element | طريقة تشكيل البرلمانات / الانتخابات |
| Source of heading or term | qrmak |
| 651 1# - SUBJECT ADDED ENTRY--GEOGRAPHIC NAME | |
| Source of heading or term | qrmak |
| 856 40 - ELECTRONIC LOCATION AND ACCESS | |
| Uniform Resource Identifier | <a href="https://fll.law.cu.edu.eg/fulltext/bks/B08-03903.pdf">https://fll.law.cu.edu.eg/fulltext/bks/B08-03903.pdf</a> |
| 905 ## - Cataloger and Reviser Names | |
| Cataloger Name: | Omar |
| 942 ## - ADDED ENTRY ELEMENTS (KOHA) | |
| Source of classification or shelving scheme | Dewey Decimal Classification |
| Suppress in OPAC | No |
| Koha item type | Books |
| Edition | 21 |
| Withdrawn status | Lost status | Source of classification or shelving scheme | Damaged status | Not for loan | Collection | Home library | Current library | Date acquired | Total checkouts | Full call number | Barcode | Date last seen | Copy number | Price effective from | Koha item type |
|---|---|---|---|---|---|---|---|---|---|---|---|---|---|---|---|
| Dewey Decimal Classification | القانون الدستوري | جــــامعة القــاهرة | مكتبة كلية الحقوق - المبنى الرئيسي | 20.04.2026 | Law1 08 342.5222 م ص . م 1935 0803903 C1 | B08-03903 | 20.04.2026 | 1 | 20.04.2026 | Books | |||||
| Dewey Decimal Classification | القانون الإداري | جــــامعة القــاهرة | مكتبة كلية الحقوق - المبنى الرئيسي | 21.04.2026 | Law1 08 342.5222 م ص . م 1935 0803904 C2 | B08-03904 | 21.04.2026 | 2 | 21.04.2026 | Books |